|
|
|
|
| LEADER |
01097cam a22003131a 4500 |
| 001 |
000033253 |
| 003 |
9401 |
| 005 |
20151022000000.0 |
| 008 |
151016s2010 000 vie |
| 041 |
|
|
|a vie
|
| 082 |
|
|
|a 959.7012
|b ĐA-A
|
| 100 |
|
|
|a Đào Duy Anh
|
| 245 |
|
|
|a Đất nước VN qua các đời
|c Đào Duy Anh
|
| 260 |
|
|
|a VHTT
|c 2010
|
| 300 |
|
|
|a 268tr. : mh ; 25cm
|
| 650 |
|
|
|a Đào Duy Anh, 2010,lịch sử, VN, các đời triều đại , văn lang, âu lạc, …
|
| 852 |
|
|
|b Chuyên đề
|c Ngôn ngữ tiếng Việt 1
|
| OWN |
|
|
|a LNN
|
| AVA |
|
|
|a UDN50
|b LNN
|c English
|d 425 NG-T
|e available
|t Error 5001 Not defined in file expand_doc_bib_avail.
|f 1
|g 0
|h N
|i 0
|j AN
|
| 999 |
|
|
|a From the UDN01
|
| AVA |
|
|
|a UDN50
|b LNN
|c English
|d 425 NG-T
|e available
|t Error 5001 Not defined in file expand_doc_bib_avail.
|f 1
|g 0
|h N
|i 0
|j AN
|
| TYP |
|
|
|a Monograph
|
| 980 |
|
|
|a Mạng thư viện Đại học Đà Nẵng
|